000 004490000a22001810004500
003 MACL
005 20160119144409.0
008 160119b xxu||||| |||| 00| 0 eng d
040 _aMACL
_cMACL
041 _aEnglish
082 _a005.133/HER
100 _aHerst, David
_933249
245 _aLearning Java
260 _bBpb Publication
_c2001
_aNew Delhi
350 _a210
650 _aComputer Programming
_920374
942 _cBK
_k005.133/Her
_2ddc
999 _c31434
_d31434